Al pie de la letra IX : en un lugar de Caracas.

Uloženo v:
Podrobná bibliografie
Médium: Neznámo
Jazyk:Spanish
Témata:
Tagy: Přidat tag
Žádné tagy, Buďte první, kdo vytvoří štítek k tomuto záznamu!

MARC

LEADER 000000000a22000000004500
001 002245
041 0 |a spa 
245 0 0 |a Al pie de la letra IX :   |b en un lugar de Caracas. 
310 |a trimestral 
650 4 |a VENEZUELA 
650 4 |a VIETNAM 
650 4 |a ANY, EDMUNDO 
650 4 |a PALOMARES, RAMON 
650 4 |a HURTADO, EFRAIN 
650 4 |a FEBRES, HUMBERTO 
773 0 |x 008-7157  |d Cuba : Editorial Casa de las Américas  |t Casa de las Américas  |g número 51-52 (1968-1969), página 268 
942 |c ARC 
999 |c 9795  |d 9795